Statistics for 15 Top Countries in Nutrition & Basic Medical Care

Click here to take the quiz!

General Stats

  • This quiz has been taken 79 times
  • The average score is 10 of 15

Answers on the Map

Answers color-coded by a green-red scale on the quiz's map according to % correct below.
 

Answer Stats

% Correct
7Sweden
96%
1Finland
95%
14Norway
95%
9Australia
91%
6Italy
83%
2Iceland
81%
10Switzerland
80%
3Austria
75%
4Luxembourg
67%
8Estonia
61%
13Greece
59%
12Czech Republic
51%
11Slovenia
44%
5Cyprus
17%
15Montenegro
15%

Score Distribution

Percentile by Number Answered

Percent of People with Each Score

Your Score History

You have not taken this quiz